| 000 -LEADER |
| fixed length control field |
01234cam a2200337 a 4500 |
| 001 - CONTROL NUMBER |
| control field |
13258316 |
| 005 - DATE AND TIME OF LATEST TRANSACTION |
| control field |
20200812103755.0 |
| 008 - FIXED-LENGTH DATA ELEMENTS--GENERAL INFORMATION |
| fixed length control field |
030701s2004 njua 001 0 eng |
| 010 ## - LIBRARY OF CONGRESS CONTROL NUMBER |
| LC control number |
2003057652 |
| 020 ## - INTERNATIONAL STANDARD BOOK NUMBER |
| International Standard Book Number |
0471433349 (acidfree paper) |
| 040 ## - CATALOGING SOURCE |
| Original cataloging agency |
DLC |
| Transcribing agency |
DLC |
| Modifying agency |
DLC |
| 041 ## - LANGUAGE CODE |
| Language code of text/sound track or separate title |
eng |
| 050 00 - LIBRARY OF CONGRESS CALL NUMBER |
| Classification number |
QA162 |
| Item number |
.D85 2004 |
| 080 ## - UNIVERSAL DECIMAL CLASSIFICATION NUMBER |
| Universal Decimal Classification number |
512.2 D-89 |
| 082 00 - DEWEY DECIMAL CLASSIFICATION NUMBER |
| Edition number |
22 |
| 100 1# - MAIN ENTRY--PERSONAL NAME |
| Personal name |
Dummit, David Steven. |
| 9 (RLIN) |
9168 |
| 245 10 - TITLE STATEMENT |
| Title |
Abstract algebra / |
| Statement of responsibility, etc. |
David S. Dummit, Richard M. Foote. |
| 250 ## - EDITION STATEMENT |
| Edition statement |
3rd ed. |
| 264 ## - PRODUCTION, PUBLICATION, DISTRIBUTION, MANUFACTURE, AND COPYRIGHT NOTICE |
| Place of production, publication, distribution, manufacture |
Hoboken, NJ : |
| Name of producer, publisher, distributor, manufacturer |
Wiley, |
| Date of production, publication, distribution, manufacture, or copyright notice |
c2004. |
| 300 ## - PHYSICAL DESCRIPTION |
| Extent |
xii, 932 p. : |
| Other physical details |
ill. ; |
| Dimensions |
24 cm. |
| 500 ## - GENERAL NOTE |
| General note |
Includes index. |
| 650 #0 - SUBJECT ADDED ENTRY--TOPICAL TERM |
| Topical term or geographic name entry element |
Algebra, Abstract. |
| 9 (RLIN) |
9169 |
| 653 ## - INDEX TERM--UNCONTROLLED |
| keyword |
ალგებრა |
| 653 ## - INDEX TERM--UNCONTROLLED |
| keyword |
მათემატიკა |
| 700 1# - ADDED ENTRY--PERSONAL NAME |
| Personal name |
Foote, Richard M., |
| Dates associated with a name |
1950- |
| Relator term |
ავტორი |
| 9 (RLIN) |
9170 |
| 856 42 - ELECTRONIC LOCATION AND ACCESS |
| Materials specified |
Publisher description |
| Uniform Resource Identifier |
http://www.loc.gov/catdir/description/wiley039/2003057652.html |
| 856 41 - ELECTRONIC LOCATION AND ACCESS |
| Materials specified |
Table of contents |
| Uniform Resource Identifier |
http://www.loc.gov/catdir/toc/wiley032/2003057652.html |
| 906 ## - LOCAL DATA ELEMENT F, LDF (RLIN) |
| a |
7 |
| b |
cbc |
| c |
orignew |
| d |
1 |
| e |
ocip |
| f |
20 |
| g |
y-gencatlg |
| 942 ## - ADDED ENTRY ELEMENTS (KOHA) |
| Source of classification or shelving scheme |
|
| Koha item type |
წიგნი |